LEADER 00970nam a2200229 i 4500 001 000000139622 003 CaOOAMICUS 005 20050527000000.0 008 050527s1980 it u000 u ita u 013 $a113714 040 $aSeMil$bita 245 13$aLe maioliche venete :$bdel 18. secolo. 260 $aNovara :$bGörlich-Istituto Geografico De Agostini,$cstampa 1980. 300 $a[12] p., Tav. 229-356 ;$c35 cm. 490 0 $aSerie Görlich ;$vCatalogo.58227 650 4$aMaioliche - Veneto - Sec. 18.$0(OLS)http://semarc/subject/27426 830 0$aSerie Görlich ;$vCatalogo.58227.$0(OLS)http://semarc/title/13403 850 $aSeMil 852 $aSeMil$W1$xVenegono$y1$m5H X 22$j93029$B93029$CSeMilBibl$Z2$F98403 $8I 961 $aOmaggio: Pelizzi Carla ved. Ferrari 996 $6245$aLe maioliche venete :$bdel 18. secolo$9(OLS)http://semarc/title/203977 996 $6260$aNovara :$bGörlich-Istituto Geografico De Agostini$9(OLS)http://semarc/publisher/32774 LEADER 01177nam a2200265 i 4500 001 000000054220 003 CaOOAMICUS 005 20240911152203.0 008 080626s1972 it u000 u ita u 040 $aSeMil$bita 100 1 $aMajo, Angelo Giuseppe,$c.$0(OLS)http://semarc/name/3746 245 13$aLa stampa quotidiana cattolica milanese :$b1860-1912 : mezzo secolo di contrasti /$cAngelo Majo. 264 1$aMilano :$b[s.n.],$c1972$e(Milano :$fStampa Grafiche Boniardi) 300 $a139 p. ;$c24 cm. 490 1 $aArchivio Ambrosiano ;$v22. 541 0 $aFondo card. Giovanni Colombo (3TA A 22) 650 4$aStampa cattolica - Milano - Storia.$0(OLS)http://semarc/subject/11133 830 0$aArchivio Ambrosiano ;$v22.$0(OLS)http://semarc/title/254 850 $aSeMil 852 $aSeMil$W1$xVenegono$y1$m3TA A 22$j250741$B20374$CSeMilBibl$Z2$F20376 $81 941 1 $a3 961 $aLascito: Colombo Card. Giovanni 996 $6245$aLa stampa quotidiana cattolica milanese :$b1860-1912 : mezzo secolo di contrasti$9(OLS)http://semarc/title/83869 996 $6264$aMilano :$b[s.n.]$9(OLS)http://semarc/publisher/29709